Ekonomicko-finančná analýza poľnohospodárskeho podniku diplomová práca

Salvato in:
Dettagli Bibliografici
Autore principale: Kováčová, Júlie
Ente Autore: Obchodná fakulta EU. Katedra marketingu
Altri autori: Strážovská, Helena
Natura: Libro
Lingua:slovacco
Pubblicazione: Bratislava 2008
Tags: Aggiungi Tag
Nessun Tag, puoi essere il primo ad aggiungerne!!

MARC

LEADER 00000nam$a2200000$$$4500
001 0081659
005 20240201115039.9
041 0 |a slo 
044 |a SK 
245 1 0 |a Ekonomicko-finančná analýza poľnohospodárskeho podniku  |b diplomová práca  |c Júlie Kováčová ; škol. Helena Strážovská 
264 1 |a Bratislava  |c 2008 
300 |a 82 s. 
100 1 |a Kováčová, Júlie 
700 1 |a Strážovská, Helena 
710 2 |a Obchodná fakulta EU. Katedra marketingu